今日如何读新约 (Record no. 20982)
[ view plain ]
| 000 -LEADER | |
|---|---|
| fixed length control field | 00958nam a2200289Ia 4500 |
| 003 - CONTROL NUMBER IDENTIFIER | |
| control field | OSt |
| 005 - DATE AND TIME OF LATEST TRANSACTION | |
| control field | 20210125202404.0 |
| 008 - FIXED-LENGTH DATA ELEMENTS--GENERAL INFORMATION | |
| fixed length control field | 200826s9999||||xx |||||||||||||| ||und|| |
| 020 ## - INTERNATIONAL STANDARD BOOK NUMBER | |
| International Standard Book Number | 7561785941 |
| 020 ## - INTERNATIONAL STANDARD BOOK NUMBER | |
| International Standard Book Number | 9787561785942 |
| 040 ## - CATALOGING SOURCE | |
| Transcribing agency | GETS |
| 041 ## - LANGUAGE CODE | |
| Language code of text/sound track or separate title | chi |
| Language code of original | eng |
| 050 ## - LIBRARY OF CONGRESS CALL NUMBER | |
| Classification number | BS2361.3 |
| Item number | .V3612 2011 |
| 100 ## - MAIN ENTRY--PERSONAL NAME | |
| Personal name | Van Voorst, Robert E. |
| 245 #0 - TITLE STATEMENT | |
| Title | 今日如何读新约 |
| Remainder of title | = Reading the New Testament today / |
| Statement of responsibility, etc. | R.E.V.伏斯特 (Robert E. Van Voorst) 著; 冷欣, 杨远征译 |
| 246 ## - VARYING FORM OF TITLE | |
| Title proper/short title | 今日如何讀新約 |
| Remainder of title | |
| 260 ## - PUBLICATION, DISTRIBUTION, ETC. | |
| Place of publication, distribution, etc. | 上海: |
| Name of publisher, distributor, etc. | 华东师范大学出版社, |
| Date of publication, distribution, etc. | 2011 |
| 300 ## - PHYSICAL DESCRIPTION | |
| Extent | 540 P. : |
| Other physical details | ill. ; |
| Dimensions | 25 cm. |
| 490 ## - SERIES STATEMENT | |
| Series statement | 圣经图书馆叢書 |
| 500 ## - GENERAL NOTE | |
| General note | Translation of: Reading the New Testament today. |
| 650 ## - SUBJECT ADDED ENTRY--TOPICAL TERM | |
| Topical term or geographic name entry element | Bible. New Testament -- Criticism, interpretation, etc. |
| 650 ## - SUBJECT ADDED ENTRY--TOPICAL TERM | |
| Topical term or geographic name entry element | Bible. New Testament -- Study and teaching. |
| 700 ## - ADDED ENTRY--PERSONAL NAME | |
| Personal name | R.E.V.伏斯特 |
| 700 ## - ADDED ENTRY--PERSONAL NAME | |
| Personal name | 冷欣 |
| 700 ## - ADDED ENTRY--PERSONAL NAME | |
| Personal name | 杨远征 |
| 942 ## - ADDED ENTRY ELEMENTS (KOHA) | |
| Koha item type | Chinese Book |
| Withdrawn status | Lost status | Damaged status | Not for loan | Home library | Current library | Shelving location | Date acquired | Total Checkouts | Full call number | Barcode | Date last seen | Price effective from | Koha item type |
|---|---|---|---|---|---|---|---|---|---|---|---|---|---|
| GETS Theological Seminary Library | GETS Theological Seminary Library | General Stacks | 08/26/2020 | BS2361.3 .V3612 2011 | 00008594 | 08/26/2020 | 08/26/2020 | Chinese Book |